| 000 | 00570nam a22001937a 4500 | ||
|---|---|---|---|
| 003 | 0 | ||
| 005 | 20241011150205.0 | ||
| 008 | 241011b xxu||||| |||| 00| 0 eng d | ||
| 020 | _a9781639898367 | ||
| 050 |
_aP 308 _b.Or76 2024 |
||
| 100 |
_aO'Rourke, Barney, _eauthor. |
||
| 245 |
_aTranslation revision and post-editing / _cBarney O'Rourke. |
||
| 300 |
_avii, 295 p. : _bcol. ill. ; _c23 cm. |
||
| 504 | _aIncludes bibliographical references. | ||
| 650 | _aMachine translating. | ||
| 650 | _aTranslating and interpreting. | ||
| 650 | _aEditing. | ||
| 942 |
_2lcc _cBK |
||
| 999 |
_c366518 _d366518 |
||